00482nmm a2200157Ia 4500008004100000020001800041041000800059100003600067245002200103264008400125300001800209650002200227856005100249942000700300999001700307251105s9999||||xx |||||||||||||||||und|| a9788498211139 aspa aRomero Durán, María Antonia 0aRelatos que molan a[Madrid, España] :bVision Libros, c[Fecha de publicación no identificada] a140 páginas aSpanish narrative uhttps://public.digitaliapublishing.com/a/89176 cCF c91534d91534